Library of the University of Algiers 3
Ibrahim Sultan Cheibout
شعار جامعة الجزائر 3
مكتبة جامعة الجزائر 3
إبراهيم سلطان شيبوط

النظرية المحاسبية / (رقم التسجيلة. 44377)

تفاصيل مارك
000 -LEADER
fixed length control field 01707nam a2200253Ia 4500
003 - CONTROL NUMBER IDENTIFIER
control field Ost
005 - DATE AND TIME OF LATEST TRANSACTION
control field 20260507075410.0
008 - FIXED-LENGTH DATA ELEMENTS--GENERAL INFORMATION
fixed length control field 260507s9999||||xx |||||||||||||| ||und||
020 ## - INTERNATIONAL STANDARD BOOK NUMBER
International Standard Book Number 60011800977
040 ## - CATALOGING SOURCE
Transcribing agency fsecg
041 ## - LANGUAGE CODE
Language code of text/sound track or separate title ara
082 ## - DEWEY DECIMAL CLASSIFICATION NUMBER
Classification number 600
100 ## - MAIN ENTRY--PERSONAL NAME
Personal name هندريكسن، إلدون س
Relator term مؤلف
245 #0 - TITLE STATEMENT
Title النظرية المحاسبية /
Statement of responsibility, etc. إلدون س هندريكسن
250 ## - EDITION STATEMENT
Edition statement طبعة 4
260 ## - PUBLICATION, DISTRIBUTION, ETC.
Place of publication, distribution, etc. الاسكندرية:
Name of publisher, distributor, etc. جامعة الإسكندرية,
Date of publication, distribution, etc. 1990
300 ## - PHYSICAL DESCRIPTION
Extent 801 صفحة؛
Other physical details إيضاحات ؛
Dimensions 24 سم
504 ## - BIBLIOGRAPHY, ETC. NOTE
Bibliography, etc. note الطبعةالإنجليزية1982
520 ## - SUMMARY, ETC.
Summary, etc. يضم مناهج النظرية المحاسبية، تطور النظرية المحاسبية، المدخل الاستنباطي المعياري، أسواق رأس المال الكفاءة، استخدام الافراد للمحاسبة والتشغيل الذهني للمعلومات، السياسة المحاسبية، مفاهيم الدخل لأغراض التقارير المالية، الايرادات والمصروفات المكاسب والخسائر، التقرير عن آثار تغيرات الأسعار، الأصول وقياسها، الأصول الجارية والالتزامات الجارية، المخزون، الأصول الثابثة، الاستهلاك، الأصول غير الملموسة والاستثمارات غير الجارية، الالتزامات وقياسها، حقوق الملكية، الافصاح في التقارير المالية
653 ## - INDEX TERM--UNCONTROLLED
Uncontrolled term المحاسبة
653 ## - INDEX TERM--UNCONTROLLED
Uncontrolled term المحاسبة- نظريات
700 ## - ADDED ENTRY--PERSONAL NAME
Personal name خليفة، أبو زيد كمال
Relator term مؤلف ثانوي
942 ## - ADDED ENTRY ELEMENTS (KOHA)
Koha item type كتب
المقتنيات
Withdrawn status Lost status Source of classification or shelving scheme Damaged status Not for loan Home library Current library Date acquired Serial enumeration / chronology Inventory number Total checkouts Full call number Barcode Date last seen Price effective from Koha item type
    Dewey Decimal Classification   NOT LOAN / إعارة داخلية مكتبة كلية العلوم الإقتصادية والعلوم التجارية وعلوم التسيير مكتبة كلية العلوم الإقتصادية والعلوم التجارية وعلوم التسيير 07/05/2026 الطابق الأرضي 26936   أ/4440ن1 26936 07/05/2026 07/05/2026 كتب
    Dewey Decimal Classification   Available مكتبة كلية العلوم الإقتصادية والعلوم التجارية وعلوم التسيير مكتبة كلية العلوم الإقتصادية والعلوم التجارية وعلوم التسيير 07/05/2026 الطابق الأرضي 26937   أ/4440ن2 26937 07/05/2026 07/05/2026 كتب
    Dewey Decimal Classification   Available مكتبة كلية العلوم الإقتصادية والعلوم التجارية وعلوم التسيير مكتبة كلية العلوم الإقتصادية والعلوم التجارية وعلوم التسيير 07/05/2026 الطابق الثاني 26938   أ/4440ن3 26938 07/05/2026 07/05/2026 كتب

موارد الويب المفتوحة


© University of Algiers 3 All Rights Reserved
|
Implemented by LECHELAH Riad